ბათუმის შოთა რუსთაველის სახელმწიფო უნივერსიტეტის ბიბლიოთეკა

დასავლეთის ფრონტზე (ბიბ.ჩანაწერი № 42976)

000 -LEADER
fixed length control field 00756nam a2200229Ia 4500
001 - CONTROL NUMBER
control field 9693
003 - CONTROL NUMBER IDENTIFIER
control field GE_BSU
008 - FIXED-LENGTH DATA ELEMENTS--GENERAL INFORMATION
fixed length control field 181216s||||||||xx |||||||||||||| ||und||
040 ## - CATALOGING SOURCE
Transcribing agency GE_BSU
080 ## - UNIVERSAL DECIMAL CLASSIFICATION NUMBER
Universal Decimal Classification number 821.353.1–31
100 ## - MAIN ENTRY--PERSONAL NAME
Personal name ნატროშვილი,გიორგი
245 ## - TITLE STATEMENT
Title დასავლეთის ფრონტზე
245 ## - TITLE STATEMENT
Remainder of title ფურცლები დღიურიდან
245 ## - TITLE STATEMENT
Statement of responsibility, etc. რედ.რ.გვეტაძე
260 ## - PUBLICATION, DISTRIBUTION, ETC.
Place of publication, distribution, etc. თბილისი
260 ## - PUBLICATION, DISTRIBUTION, ETC.
Name of publisher, distributor, etc. საბჭ.მწერალი
260 ## - PUBLICATION, DISTRIBUTION, ETC.
Date of publication, distribution, etc. 1943
300 ## - PHYSICAL DESCRIPTION
Extent 70გვ.17სმ.
653 ## - INDEX TERM--UNCONTROLLED
Uncontrolled term დასავლეთის ფრონტზე
653 ## - INDEX TERM--UNCONTROLLED
Uncontrolled term ფურცლები დღიურიდან
942 ## - ADDED ENTRY ELEMENTS (KOHA)
Koha item type წიგნი
ეგზემპლარები
Withdrawn status Lost status Damaged status Not for loan Date acquired Barcode Date last seen Price effective from Koha item type
        2018-12-17 32806 2018-12-17 2018-12-17 წიგნი
        2018-12-17 32807 2018-12-17 2018-12-17 წიგნი
        2018-12-17 32808 2018-12-17 2018-12-17 წიგნი
        2018-12-17 32809 2018-12-17 2018-12-17 წიგნი
        2018-12-17 32810 2018-12-17 2018-12-17 წიგნი